000 00525nam a2200193Ia 4500
005 20250508160505.0
008 008 250505s9999 xx 000 0 eng d
037 _aTextual
040 _aFEDL
_beng
_cFEDL
041 _aeng
_2eng
084 _a133, JAH
_qFEDL
100 _aJahoda Gustav
_9136984
245 0 _aPsychology of superstition
260 _aLondon, UK
_bAllen Lane The Penguin Press
_c1969
300 _av,158p.
650 _aPhilosophy
942 _cTEXL
_h133, JAH
999 _c1364931
_d1364931